000 02105nam0a2200421 4500
001 RU\NLR\BIBL_A\012562926
005 20260406023137.0
010 _a978-5-9614-7112-0
_91500
021 _aRU
_b2021-12497
_9КН-П-1013
035 _a(NLR Aleph) 012562926
090 _a12466450
_c12466450
100 _a20210712d2021 |||y0rusy50 ca
101 1 _arus
_ceng
102 _aRU
105 _aa|||z|||000zy
181 0 _ai
_baxxe
182 0 _an
200 1 _aМастерство жизни
_eвнутренняя динамика развития
_eперевод с английского
_fМэрилин Аткинсон, при участии Рае Т. Чойс
_g[Erickson International Международный Эриксоновский университет коучинга, Представительство в России и странах СНГ]
203 _aТекст
_bвизуальный
_cнепосредственный
205 _a7-е изд.
210 _aМосква
_cАльпина Паблишер
_d2021 [т.е. 2020]
215 _a212, [2] с.
_cил.
_d22
225 1 _aСерия "Трансформационный коучинг: Наука и искусство"
_vкн. 1
300 _aЗагл. и авт. также на англ. яз.: Inner dynamics of coaching / Marylin W. Atkinson, Ph.D., and Rae T. Chois
300 _aНа обл. и корешке авт.: Мэрилин Аткинсон, Рае Т. Чойс
300 _aКн. фактически изд. в 2020 г.
333 _a0+
517 1 _6z11790
_aInner dynamics of coaching
_zeng
606 1 _aЛичность
_xСамореализация
_92079921
_3RU\NLR\AUTH\661255822
686 1 _aС550.354
700 1 _8rus
_7ca
_aАткинсон
_bМ.
_gМэрилин
_3RU\NLR\AUTH\77124679
_9107604
701 1 _aЧойс
_bР. Т.
_gРае Т.
790 1 _8eng
_7ba
_aAtkinson
_bM. W.
_gMarilyn W.
_3RU\NLR\AUTH\77124683
_9107608
790 1 _6z11
_6z11517
_aChois
_bR. T.
_gRae T.
942 _cBOOK
980 _aNB